Municipios con Mercadona (Navarra) - Estadísticas

Estadísticas generales
  • Esta prueba ha sido intentada 141 veces
  • La puntuación promedio es 6 de 9
Estadísticas de respuestas
Provincia Municipio Población % Correcto
Navarra Pamplona/Iruña 209.094
100%
Tudela 38.903
96%
Estella-Lizarra 14.317
92%
Tafalla 10.854
78%
Barañáin/Barañain 19.642
66%
Burlada/Burlata 21.280
64%
Valle de Egüés/Eguesibar 22.825
53%
Ansoáin/Antsoain 10.663
47%
Aranguren 13.216
31%
No se encontraron pruebas coincidentes
Distribución de puntuación
Porcentaje de gente con cada puntuación
Porcentaje por número respondido
Historial de tus puntuaciones
No has intentado esta prueba.